| 000 | 00515nam a22001817a 4500 | ||
|---|---|---|---|
| 999 |
_c8434 _d8434 |
||
| 003 | AR-CdUCM | ||
| 008 | 190325b ||||| |||| 00| 0 spa d | ||
| 040 |
_aMUNICIPALIDAD PROVINCIAL DEL CUSCO _cBIBLIOTECA MUNICIPAL DEL CUSCO |
||
| 082 |
_a869.56 / _bV55 |
||
| 100 |
_aVértiz, Tito _923674 |
||
| 245 | _aSalvar un alma / | ||
| 260 |
_aLima : _bBellido ediciones, _c2008. |
||
| 300 |
_a101 páginas ; _c20.5 cm. |
||
| 650 |
_aNovelas peruanas _9545 |
||
| 650 |
_aSiglo XX _98 |
||
| 942 |
_2ddc _cLIBROS |
||
| 945 | _aafb | ||